000 00547cam a2200181 4500
001 D2350
008 090401t1974 xxu||||| |||| 00| 0 eng d
035 _a(Sirsi) u68694
041 _aeng
050 _a711.40942
100 _aCherry, Gordon E
245 4 _aThe evolution of British town planning: a history of town planning in the United Kingdom during the 20th century and of the Royal Town Planning Institute, 1914-74
260 _aLondon
_bLeonard Hill
_c1974
300 _a275p. ill
350 _a6
942 _n0
948 _c04/03/1997
999 _c95129
_d95129